000 01174nam a2200313 i 4500
003 EG-GICUC
005 20260316130254.0
008 260316s1996 ua |||fr|||| 00| 0 ara d
040 _a EG-GICUC
_bara
_c EG-GICUC
_d EG-GICUC
_erda
041 _aAra
082 0 4 _221
_a343.3
_bم ح . ش
092 0 4 _221
099 _aLaw1 10 343.3 م ح . ش 1996
100 0 _aمحمود نجيب حسنى
_eمؤلف.
245 1 0 _aشرح قانون الإجراءات الجنائية /
_cتأليف محمود نجيب حسنى.
264 1 _aالقاهرة :
_bدار النهضة العربية،
_c1996.
300 _a978 ؛صفحة
_c24 سم.
_bإيضاحيات، صور، مثيليات ؛
336 _2rda content
_atext
337 _2rda media
_aComputer
338 _2rda carrier
_aOnline Resource
504 _a. 240-220 ببليوجرافيا: صفحات.
546 _aالنص باللغة العربية
650 1 _aقانون الإجراءات الجنائية
_2qrmak
650 1 _aالقانون الجنائى
_2qrmak
651 1 _2qrmak
856 4 0 _uhttps://fll.law.cu.edu.eg/fulltext/bks/810-05644.pdf
905 _a54
942 _2ddc
_cBK
_e21
_n0
999 _c66379
_d66379